000 00430nam a2200145Ia 4500
003 OSt
005 20260123142645.0
008 211028s2016 xx 000 0 und d
040 _cAIMIT LIBRARY
041 _aeng
100 _aKesi, Ruokuonuo Glesilds; D Souza, Rayan.
_g1416122
_97541
245 _aProject report on employee attrition at big bazaar Mangalore /
260 _aMangalore
_bRayan D Souza.
_c2016
942 _2ddc
_cPRO
999 _c219109
_d219109